000 00537nam a22002057a 4500
999 _c2698
_d2698
003 OSt
005 20191002120439.0
008 151126b xxu||||| |||| 00| 0 eng d
020 _a0826453821
040 _c040a
082 _a003
_bRIT 1997
100 _aRitchie, Colin
_96320
245 _aOperating Systems :
_bincorporating UNIX and Windows
250 _a3rd.ed
260 _aNew York
_bContinuum
_c1997
300 _axiv, 277p;
_bill :
_c12cm.
504 _aincludes index
650 _aOperating systems
_927
942 _2ddc
_cSLOAN